000 00517nam a2200181Ia 4500
999 _c29726
_d29726
003 OSt
005 20260305115424.0
008 190216s9999||||xx |||||||||||||| ||und||
020 _a9798188779504
040 _coclc
082 _a894.8124
_bDAS/S
100 _aDas, Kamala
_95366
245 0 _aSnehathinte Swargavathilukal /
_cKamala Das
260 _bOlive Publications,
_c2009.
_aKozhikode:
300 _a138p
650 _aOormakurip
942 _cBK
_2ddc
_h894.8124
_iDAS/S
_k894.8124
_mDAS/S